| 000 | 00607nam a22001817a 4500 | ||
|---|---|---|---|
| 003 | BD-DhUL | ||
| 005 | 20180528111424.0 | ||
| 008 | 180528s1983 ii ||||| |||| 00| 0 ben d | ||
| 040 |
_aBD-DhUL _cBD-DhUL |
||
| 082 |
_a891.443 _bNIP |
||
| 100 | 1 | _aনীললোহিত | |
| 245 | 0 | 0 |
_aপাঁচ রকম ভূমিকায় / _cনীললোহিত |
| 260 |
_aকলিকাতা : _bসপ্তর্ষি, _c১৯৮৩। |
||
| 300 |
_a১০২ পৃ. ; _c২২ সেমি. |
||
| 650 | 4 | _aবাংলা উপন্যাস | |
| 650 | 4 | _aBengali fiction | |
| 942 |
_2ddc _cBK |
||
| 999 |
_c241641 _d241641 |
||